000 00358nam a2200157Ia 4500
008 221030s9999 xx 000 0 und d
020 _a0070586160
041 _aEnglish
082 _a105.23
_bCal
100 _aR. J. Calvin
245 0 _aEntrepreneurial Management
260 _bTMH
_aNew Delhi
_c2004
300 _a295
650 _aManagement
942 _cBK
999 _c607
_d607